000 01639pam a2200277 a 4500
999 _c5818
_d5818
001 014663353
003 Uk
005 20251118091006.0
008 080704s2008 enk 000 0 eng d
020 _a9781846686979 (pbk.)
040 _aStDuBDS
_beng
_cStDuBDS
_dUk
_dKH8
042 _aukblcatcopy
082 0 4 _a303.4834 SIE
_222
100 1 _aSiegel, Lee,
_d1957-
_eauthor.
245 1 0 _aAgainst the machine :
_bbeing human in the age of the electronic mob /
_cLee Siegel.
260 _aLondon :
_bSerpent's Tail,
_c2008.
300 _ax, 182 p. ;
_c20 cm.
336 _atext
_2rdacontent
337 _aunmediated
_2rdamedia
338 _avolume
_2rdacarrier
520 _aAgainst the Machine is a fascinating look at how the Internet is reshaping the way we think about ourselves and the world. Siegel explores how the internet affects culture and social life, particularly the psychological, emotional and social cost of high-tech solitude. Arguing that the internet's widespread anonymity eliminates boundaries and encourages otherwise polite people to be downright abusive, Siegel discusses the half-fantasy, half-realism of online personae. By experiencing virtual selves rather than other individuals, we run the risk of being reduced to avatars that other internet users manipulate for their own ends. Insightful and written with convincing evidence to support the author?s polemic, this book is a welcome addition to the debate on the personal ramifications of living in a wired world.
650 0 _aInternet
_xSocial aspects.
650 0 _aComputers and civilization.
690 7 _aSocial Welfare
_2blcoll
942 _2ddc
_cNFIC